Top Goalscorers 2008-09 Premier League Quiz Stats

 Plays Quiz not verified by Sporcle

Challenge
Share
Tweet
Embed
Score 0/11 Timer 02:00
0 Plays Today
Goals Scored Player Name % Correct
14 GoalsFernando Torres
96.6%
12 GoalsWayne Rooney
96.6%
16 GoalsSteven Gerrard
95.2%
18 GoalsCristiano Ronaldo
94.2%
19 GoalsNicolas Anelka
90.3%
12 GoalsFrank Lampard
90.3%
12 GoalsDirk Kuyt
78.7%
12 GoalsDarren Bent
77.3%
12 GoalsKevin Davies
72%
12 GoalsGabriel Agbonlahor
70.5%
14 GoalsRobinho
63.3%

You're not logged in!

Compare scores with friends on all Sporcle quizzes.
OR
Log In

You Might Also Like...

Show Comments

Extras

Top Quizzes Today


Score Distribution

Your Account Isn't Verified!

In order to create a playlist on Sporcle, you need to verify the email address you used during registration. Go to your Sporcle Settings to finish the process.

Report this User

Report this user for behavior that violates our Community Guidelines.

Details: